| 000 | 00494nam a2200181Ia 4500 | ||
|---|---|---|---|
| 008 | 100315s9999 xx 000 0 und d | ||
| 082 | _b2465 | ||
| 100 | _a"MEHTA, N. V. " | ||
| 245 | _aINCOME-TAX READY RECKONER: ASSEMENT YEAR 1990-91 | ||
| 260 | _c0 | ||
| 300 | _a352P | ||
| 365 |
_d1 _b0.00 |
||
| 366 | _f0 | ||
| 530 | _b- | ||
| 630 | _aINCOME-TAX READY RECKONER: ASSEMENT YEAR 1990-91 | ||
| 730 | _aINCOME-TAX READY RECKONER: ASSEMENT YEAR 1990-91 | ||
| 942 | _cBOOK | ||
| 999 |
_c477200 _d477197 |
||